000 00401nam a22001697a 4500
005 20160630111840.0
008 160630b xxu||||| |||| 00| 0 eng d
020 _a81-85749-60-4
041 _aeng
082 _b13299
100 _aGupta, Dr. B R & Singhal.V
_93209
245 _aDigital Electronics
260 _bKatson
_c2012
300 _a538
650 _aDiploma Engineering
_9817
942 _cBK
999 _c4878
_d4876